000 00513nam a2200193 a 4500
001 1771297720732
003 YourLibrary
005 20260217084031.0
008 260217s2001##################000#0#eng##
020 _a9780521801768
082 0 4 _a330.1
_bMAK
100 1 _aMäki, Uskali,
_eauthor.
245 1 0 _aThe Economic World View :
260 _bCambridge University Press,
_c2001.
300 _a418 pages
650 0 _aBusiness & Economics.
942 _cENGLISH
040 _aYourLibrary
_beng
_cYourLibrary
999 _c612895
_d612895